Visitor Centres at Nuclear Facility Sites Proceedings of an International Seminar, Madrid (Spain) 2-5 November 1992

Na minha lista:
Detalhes bibliográficos
Formato: Livro
Idioma:inglês
francês
Publicado em: Paris OECD 1993
Edição:1. ed.
Assuntos:
Tags: Adicionar Tag
Sem tags, seja o primeiro a adicionar uma tag!

MARC

LEADER 00000nam a2200000 4500
001 c004602
005 20221214083817.3
020 |a 92-64-03972-4 
041 0 |a eng 
041 0 |a fre 
044 |a FR 
245 1 0 |a Visitor Centres at Nuclear Facility Sites  |b Proceedings of an International Seminar, Madrid (Spain) 2-5 November 1992 
250 |a 1. ed. 
264 1 |a Paris  |b OECD  |c 1993 
300 |a 288 s. 
610 2 0 |a NEA 
610 2 0 |a energia atómová 
610 2 0 |a elektrárne atómové 
610 2 0 |a strediská informačné 
610 2 0 |a práca s verejnosťou